The Egyptian Museum, Cairo : official catalogue /

Saved in:

Main Author: Saleh, Mohamed (Author)

Corporate Authors: Matḥaf al-Miṣrī., Hayʼat al-Āthār al-Miṣrīyah.

Other Authors: Sourouzian, Hourig., Liepe, Jürgen., Der Manuelian, Peter., Jacquet-Gordon, Helen.

Format: Book

Language: English
German

Published: [Cairo] : Mainz, Germany : Organisation of Egyptian Antiquities, the Arabian Republic of Egypt ; Verlag Philipp von Zabern, c1987.

Subjects:

Tags: Add Tag

No Tags, Be the first to tag this record!

Call Number: DT59 .C243 S2513 1987

LEADER 01397namaa2200361 4500
001 19105
003 OSt
005 20260517051440.0
008 130303s1987 ua a bc 000 0 eng d
010 |a 87166721 
040 |c ARCE Library 
041 1 |a eng  |h ger 
043 |a f-ua--- 
050 4 |a DT59 .C243 S2513 1987 
100 1 |a Saleh, Mohamed,  |e author 
240 1 4 |a Die Hauptwerke im Ägyptischen Museum Kairo.  |l English 
245 1 4 |a The Egyptian Museum, Cairo :  |b official catalogue /  |c Mohamed Saleh and Hourig Sourouzian ; photographs Jürgen Liepe ; [translations by Peter Der Manuelian and Helen Jacquet-Gordon]. 
264 1 |a [Cairo] :   |b Organisation of Egyptian Antiquities, the Arabian Republic of Egypt ;   |a Mainz, Germany :   |b Verlag Philipp von Zabern,   |c c1987. 
300 |a 268 pages :   |b illustrations (some color) ;   |c 24 cm. 
500 |a Translation of : Die Hauptwerke im Ägyptischen Museum Kairo. 
504 |a Bibliography : pages 35-38. 
610 2 0 |a Matḥaf al-Miṣrī  |v Catalogs. 
650 0 |a Art, Egyptian  |v Catalogs. 
651 0 |a Egypt  |x Antiquities  |v Catalogs. 
700 1 |a Sourouzian, Hourig.  |9 40327 
700 1 |a Liepe, Jürgen.  |9 34781 
700 1 |a Der Manuelian, Peter. 
700 1 |a Jacquet-Gordon, Helen. 
710 2 |a Matḥaf al-Miṣrī. 
710 2 |a Hayʼat al-Āthār al-Miṣrīyah. 
901 |a reviewed 
942 |c BK  |2 lcc 
999 |c 16107  |d 16107